书目信息 |
| 书名: | 语用学新解 | |
| 作者: | ( )Jef Verschueren著. | |
| 分册号: | [专著] / | |
| 分册名: | 出版地: | 北京 : |
|
| 出版社: | 外语教学与研究出版社 | |
| 出版时间: | 2000. | |
| 页数: | 39,300页 ; | |
| 开本: | 23cm. | |
| 丛书名: | 当代国外语言学与应用语言学文库 | |
| 中图分类号: | ||
| 科图分类号: | ||
| 其他分类号: | H03 | |
| 主题词: | ||
| 电子资源: | ||
| 000 | 00830nam 2200253 a 4500 | |
| 001 | E0738478817 | |
| 005 | 20070827084844.12 | |
| 008 | 010703d2000 ch 0 chi0 | |
| 020 | @a7-5600-1929-3 :@cCNY28.90. | |
| 040 | @aNLC@bchi | |
| 041 | @achi @aeng | |
| 090 | @aH030 @v4 | |
| 090 | @aH03 | |
| 099 | @dH03@ex171 | |
| 100 | 1 | @aVerschueren @cJef @4著 |
| 245 | 10 | @a语用学新解@h[专著] / @c( )Jef Verschueren著. |
| 246 | 1 | @aUnderstanding Pragmatics |
| 260 | 1 | @a北京 :@b外语教学与研究出版社,@c2000. |
| 300 | @a39,300页 ;@c23cm. | |
| 440 | 0 | @a当代国外语言学与应用语言学文库 |
| 520 | @a本书全面系统地介绍了语用综观论和顺应论,包括传统的语用学研究的回顾、语言使用的过程、语境关系的顺应、语言选择过程的动态顺应和顺应过程涉及的认知心理因素等内容。 | |
| 650 | 04 | @a语用学 |
| 650 | 04 | @a语用学 |
| 700 | 1 | @a何自然 @4导读 |
| 语用学新解 [[专著] / ] / ( )Jef Verschueren著.-北京 : : 外语教学与研究出版社, , 2000. |
| 39,300页 ; ; 23cm.- (当代国外语言学与应用语言学文库 ) |
| 本书全面系统地介绍了语用综观论和顺应论,包括传统的语用学研究的回顾、语言使用的过程、语境关系的顺应、语言选择过程的动态顺应和顺应过程涉及的认知心理因素等内容。 |
| ISBN 7-5600-1929-3 :CNY28.90. |
| 本书全面系统地介绍了语用综观论和顺应论,包括传统的语用学研究的回顾、语言使用的过程、语境关系的顺应、语言选择过程的动态顺应和顺应过程涉及的认知心理因素等内容。 |
| ● |
| 相关链接 |
|
|
|
|
正题名:语用学新解
索取号:H03/x171
 
预约/预借
| 序号 | 登录号 | 条形码 | 馆藏地/架位号 | 状态 | 备注 |
| 1 | 0017103 | 300171034 | 第二样本阅览室/ [索取号:H03/x171] | 在馆 | |
| 2 | 0017104 | 300171043 | 第四借阅区/ [索取号:H03/x171] | 在馆 | |
| 3 | 0017105 | 300171052 | 第四借阅区/ [索取号:H03/x171] | 在馆 | |
| 4 | 0017106 | 300171061 | 第四借阅区/ [索取号:H03/x171] | 在馆 | |
| 5 | 17383 | 300173835 | 第四借阅区/ [索取号:H03/x171] | 在馆 |